000 00619nam a2200193Ia 4500
005 20260601193225.0
008 260601s9999||||xx |||||||||||||| ||und||
020 _a978-3-031-50524-9
_qebk
100 _aRayna Dimitrova
245 0 _aVerification, Model Checking, and Abstract Interpretation
250 _a1st ed. 2024
260 _aHeidelberg, Germany
_bSpringer Nature
_c2024
440 _aLecture Notes in Computer Science
650 _aComputer Science
700 _aOri Lahav
700 _aSebastian Wolff
856 _uhttps://link.springer.com/openurl?genre=book&isbn=978-3-031-50524-9
942 _cEB
_2ddc
999 _c55920
_d55920